000 00479nam a2200145Ia 4500
008 231129s2011||||xx |||||||||||||| ||spa||
020 _a978-958-8515-15-1
040 _bspa
082 _a336.24 G939gu
100 _aGuevara Madrid Diego Hernán
245 0 _aGuí­a para la preparación y presentación de la información exógena tributaria a la Dian. Año gravable 2011
260 _c2011
264 _aActualicese.com
942 _2ddc
_cBKS
999 _c14795
_d14795